000 00694nam a2200193Ia 4500
003 LDD
008 190117s9999 xx 000 0 und d
020 _a9788131608074
_c₹850
040 _cLDD
041 _ahi
082 _a320.454 श63592भा
100 _aशर्मा, धर्मराज
245 0 _aभारतीय सघं व्यवस्था
_b केन्द्र-राज्य सम्बन्ध
_cधर्मराज शर्मा
260 _aनई दिल्ली
_bरावत
_c2016
300 _a228p.
901 _aTHE-BS 32
904 _aReqst by : Anurag Joshi
942 _2ddc
_cH
999 _c170713
_d170713